• 首页
  • 本馆介绍
  • 公告通知
  • 最新文献
  • 馆藏检索
  • 电子资源
  • 读者导购
  • 参考咨询
  • 我的图书馆
  • 登录
  • 详细信息显示
  • 放入我的书架
  • 预约/预借图书
  • 作者相关作品
  • 分类相关作品
  • 丛书相关作品
  • 出版社相关作品

书目信息

  • 表格格式
  • 工作单格式
  • 卡片格式
题名:
中国书法大师经典研究系列
    
 
作者: 洪亮 编著 ;邓石如 原著
分册:   邓石如
出版信息: 北京   中国书店  2012
页数: 397页
开本: 30cm
丛书名:
单 册:
中图分类: J292.112.6 , J292.42
科图分类:
主题词: 书法评论 , 篆刻
电子资源:
ISBN: 978-7-5149-0259-4
000 01116nam0 2200301 450
001 005802368
005 20140612094915.42
010    @a978-7-5149-0259-4@dCNY240.00
100    @a20120607d2012 em y0chiy0110 ea
101 0  @achi
102    @aCN@b110000
105    @aa z 000yy
106    @ar
200 1  @a中国书法大师经典研究系列@9zhong guo shu fa da shi jing dian yan jiu xi lie@i邓石如@f洪亮编著
210    @a北京@c中国书店@d2012
215    @a397页@c图,照片@d30cm
330    @a本书分三部分介绍邓石如的艺术人生和艺术成就。第一部分为概论,采用文中插入大量相关图片和作品的形式,介绍邓石如的人生经历和艺术经历、艺术思想与与艺术风格的形成等;第二部分为作品及其解读;第三部分为附录,收录邓石如诗存、年谱。
600  0 @a邓石如@f(1743-1805)@x书法评论
600  0 @a邓石如@f(1743-1805)@x篆刻@x鉴赏
600  0 @a邓石如@f(1743-1805)
606 0  @a书法评论
606 0  @a篆刻
690    @aJ292.112.6@v5
690    @aJ292.42@v5
701  0 @a洪亮@9hong liang@f(1961~)@4编著
702  0 @c(清)@a邓石如@9deng shi ru@f(1743~1805)@4原著
801  0 @aCN@bNLC@c20120717
905    @b549332-33@dJ292.112.6@e539@f2
    
    中国书法大师经典研究系列.邓石如/洪亮编著.-北京:中国书店,2012
    397页:图,照片;30cm
    
    
    ISBN 978-7-5149-0259-4:CNY240.00
    本书分三部分介绍邓石如的艺术人生和艺术成就。第一部分为概论,采用文中插入大量相关图片和作品的形式,介绍邓石如的人生经历和艺术经历、艺术思想与与艺术风格的形成等;第二部分为作品及其解读;第三部分为附录,收录邓石如诗存、年谱。
●
相关链接 在E读中查询图书 在五车中查询图书 在当当中查询图书 在豆瓣中查询图书


正题名:中国书法大师经典研究系列     索取号:J292.112.6/539         预约/预借

序号 登录号 条形码 馆藏地/架位号 状态 备注
1 549332   205493321   第一样本阅览室/ [索取号:J292.112.6/539] 在馆    
2 549333   205493330   第一借阅区/ [索取号:J292.112.6/539] 在馆    
唐山师范学院图书馆 欢迎您!
大连网信软件有限公司© 版权所有